00330nam a2200133Ia 4500003000400000005001700004008004100021020002400062040002700086100001400113245004000127260002000167260000900187OSt20240208102549.0170523s9999 xx 000 0 und d a ‎ 978-0256032673 ciimt university meerut aMILKOVICH 0aPERSONNEL HUMAN RESOURCE MANAGEMENT bRICHARD D IRWIN c1994